000
00273 a2200121 4500
001
194463
040
_c
Magnum
100
_a
Arguís, Ricardo...[ et al. ]
240
1
0
_a
Tutoria
_l
por
245
1
0
_a
Tutoria
697
_a
EDUCAÇÃO EM GERAL E DISCIPLINAS AFINS
942
_c
BK
999
_c
194463
_d
194463